[Event "XXXIX C.to Italiano"]
[Site "Venezia ITA"]
[Date "1979.10.??"]
[Round "1"]
[White "Capece, Adolivio"]
[Black "Bonfa', Ileano"]
[Result "1/2-1/2"]
[WhiteElo "2205"]
[BlackElo "2300"]
[PlyCount "31"]
[EventDate "1979.10.21"]

1. c4 Nf6 2. Nc3 g6 3. g3 Bg7 4. Bg2 O-O 5. d3 d6 6. Bg5 h6 7. Bd2 Nc6 8. h4 e5
9. Qc1 Kh7 10. Nd5 Nh5 11. Bf3 Nd4 12. Bxh5 gxh5 13. e3 Ne6 14. Qd1 c6 15. Nc3
Nc5 16. Qc2 1/2-1/2

[Event "XXXIX C.to Italiano"]
[Site "Venezia ITA"]
[Date "1979.10.??"]
[Round "1"]
[White "Coppini, Giorgio"]
[Black "Taruffi, Daniele"]
[Result "1-0"]
[WhiteElo "2285"]
[BlackElo "2345"]
[PlyCount "69"]
[EventDate "1979.10.21"]

1. Nf3 c5 2. b3 Nc6 3. Bb2 Nf6 4. g3 e6 5. Bg2 Be7 6. O-O O-O 7. e3 b6 8. d4
Bb7 9. c4 d5 10. Ne5 Qc8 11. cxd5 Nxe5 12. d6 Bxg2 13. dxe5 Bxf1 14. dxe7 Re8
15. exf6 Bh3 16. Qh5 Bf5 17. Nd2 Bg6 18. Qg5 h6 19. Qh4 Qb7 20. fxg7 Rxe7 21.
Qxh6 Bh7 22. f3 f5 23. Rc1 e5 24. Qf6 Rae8 25. Nc4 Rf7 26. Qh6 Rxg7 27. Bxe5
Rg6 28. Qh5 Qd5 29. f4 Qd3 30. Rd1 Qc2 31. Rd7 Qb1+ 32. Kf2 Qc2+ 33. Nd2 Re7
34. Rd8+ Kf7 35. Qxh7+ 1-0

[Event "XXXIX C.to Italiano"]
[Site "Venezia ITA"]
[Date "1979.10.??"]
[Round "1"]
[White "Laco, Giuseppe"]
[Black "Trabattoni, Franco"]
[Result "1-0"]
[WhiteElo "2160"]
[BlackElo "2330"]
[PlyCount "47"]
[EventDate "1979.10.21"]

1. c4 Nf6 2. b4 e6 3. a3 b6 4. Bb2 Bb7 5. f3 d5 6. e3 Be7 7. Nh3 Nbd7 8. Be2 e5
9. cxd5 Nxd5 10. e4 N5f6 11. O-O O-O 12. Qb3 Nh5 13. Nc3 Bg5 14. Nd5 c5 15. Bb5
Bxd2 16. Qd3 Bxd5 17. Qxd2 Be6 18. Ng5 Ndf6 19. Qxd8 Rfxd8 20. Nxe6 fxe6 21.
Bxe5 Ne8 22. Bc6 Rac8 23. Bb7 c4 24. Bxc8 1-0

[Event "XXXIX C.to Italiano"]
[Site "Venezia ITA"]
[Date "1979.10.??"]
[Round "1"]
[White "Rosino, Antonio"]
[Black "Santolini, Luigi"]
[Result "1/2-1/2"]
[WhiteElo "2290"]
[BlackElo "2150"]
[PlyCount "67"]
[EventDate "1979.10.21"]

1. d4 Nf6 2. c4 c5 3. Nf3 e6 4. Nc3 d5 5. cxd5 exd5 6. g3 Nc6 7. Bg2 Bg4 8. Bg5
Be7 9. O-O Bxf3 10. Bxf3 Nxd4 11. Bg2 O-O 12. Bxf6 Bxf6 13. Nxd5 g6 14. Rc1 Rc8
15. e3 Ne6 16. Nxf6+ Qxf6 17. Qa4 Rfd8 18. Rc2 b6 19. Qxa7 Rd6 20. Qa3 Rcd8 21.
Qc3 Qe7 22. Qe5 Qa7 23. f4 Qxa2 24. f5 Ng7 25. e4 Rd1 26. Rcf2 Rxf1+ 27. Bxf1
gxf5 28. Qc7 Ne6 29. Qe7 Rf8 30. exf5 Ng7 31. f6 Ne6 32. Qd6 Qb3 33. Qe5 Rd8
34. Rf5 1/2-1/2

[Event "XXXIX C.to Italiano"]
[Site "Venezia ITA"]
[Date "1979.10.??"]
[Round "1"]
[White "Sartori, Spartaco"]
[Black "Tatai, Stefano"]
[Result "0-1"]
[WhiteElo "2385"]
[BlackElo "2475"]
[PlyCount "112"]
[EventDate "1979.10.21"]

1. c4 Nf6 2. Nc3 c5 3. Nf3 b6 4. e3 e6 5. a3 Be7 6. d4 O-O 7. Bd3 Bb7 8. d5
exd5 9. cxd5 d6 10. O-O Ba6 11. e4 Bxd3 12. Qxd3 Nbd7 13. h3 Ne8 14. Bf4 Bf6
15. Rfe1 a6 16. a4 Ne5 17. Bxe5 Bxe5 18. Nxe5 dxe5 19. Qe3 Nd6 20. Rf1 f6 21.
b3 Qc7 22. Ne2 f5 23. exf5 Nxf5 24. Qd3 Qd6 25. Nc3 Nd4 26. Qc4 Rf4 27. Qd3 e4
28. Nxe4 Qxd5 29. f3 Qxb3 30. Qd2 Qd5 31. Qa2 Qxa2 32. Rxa2 Rc8 33. Rb2 Rc6 34.
Nc3 Rff6 35. Rfb1 Rfd6 36. Kf2 c4 37. Ne4 Rg6 38. Rd2 Ne6 39. Rd6 Nf4 40. Rd8+
Kf7 41. g4 Nxh3+ 42. Ke3 Ng5 43. Rd7+ Ke6 44. Ra7 Nxe4 45. Kxe4 c3 46. Rxa6 c2
47. Rc1 Rg5 48. f4 Ra5 49. Rxa5 bxa5 50. Kd4 h6 51. Re1+ Kf6 52. Rc1 g6 53. Ke3
h5 54. gxh5 gxh5 55. Ke4 h4 56. Ke3 Kf5 0-1

[Event "XXXIX C.to Italiano"]
[Site "Venezia ITA"]
[Date "1979.10.??"]
[Round "1"]
[White "Toth, Bela"]
[Black "Messa, Roberto"]
[Result "0-1"]
[WhiteElo "2470"]
[BlackElo "2205"]
[PlyCount "70"]
[EventDate "1979.10.21"]

1. d4 d5 2. c4 e6 3. Nc3 c5 4. cxd5 exd5 5. Nf3 Nc6 6. g3 Nf6 7. Bg2 Be7 8. O-O
O-O 9. b3 Ne4 10. Bb2 Bf6 11. e3 Bf5 12. Ne2 Re8 13. Nf4 c4 14. bxc4 dxc4 15.
Rc1 b5 16. Nh5 Nb4 17. Nxf6+ Nxf6 18. Ne5 Rc8 19. Re1 Nd7 20. e4 Nxe5 21. dxe5
Be6 22. Qh5 Nxa2 23. Rcd1 Qa5 24. Bc1 Nxc1 25. Rxc1 b4 26. f4 b3 27. f5 Qxe5
28. Qe2 Qc5+ 29. Kh1 Bxf5 30. Qb2 Be6 31. Qc3 Red8 32. Bf1 Qd4 33. Qf3 c3 34.
Rcd1 Qxd1 35. Rxd1 Rxd1 0-1

[Event "XXXIX C.to Italiano"]
[Site "Venezia ITA"]
[Date "1979.10.??"]
[Round "1"]
[White "Vallifuoco, Giacomo"]
[Black "Olivotto, Roberto"]
[Result "1-0"]
[WhiteElo "2285"]
[BlackElo "2225"]
[PlyCount "61"]
[EventDate "1979.10.21"]

1. c4 b6 2. d4 Bb7 3. d5 Nf6 4. Nc3 e6 5. a3 exd5 6. cxd5 Qe7 7. Bg5 c6 8. Nf3
Na6 9. e3 Nc5 10. Bc4 Nce4 11. Nxe4 Qxe4 12. dxc6 dxc6 13. Qb3 Nd5 14. O-O Bd6
15. Bd3 Qg4 16. h3 Qe6 17. e4 Nc7 18. Bc4 Qg6 19. e5 Be7 20. Bxe7 Kxe7 21. Rad1
Rhd8 22. Rd6 Rxd6 23. exd6+ Qxd6 24. Bxf7 Nd5 25. Bxd5 Qxd5 26. Qc2 g6 27. Rd1
Qf5 28. Qd2 Bc8 29. Qd8+ Kf7 30. Ng5+ Kg7 31. Qe7+ 1-0

[Event "XXXIX C.to Italiano"]
[Site "Venezia ITA"]
[Date "1979.10.??"]
[Round "2"]
[White "Bonfa', Ileano"]
[Black "Coppini, Giorgio"]
[Result "1/2-1/2"]
[WhiteElo "2300"]
[BlackElo "2285"]
[PlyCount "50"]
[EventDate "1979.10.21"]

1. Nf3 b6 2. g3 Bb7 3. Bg2 g6 4. O-O Bg7 5. d3 Nf6 6. e4 c5 7. Nbd2 d6 8. Nh4
Nc6 9. f4 Qc7 10. a4 a6 11. Nc4 Nd7 12. Ne3 O-O 13. g4 Rab8 14. g5 b5 15. axb5
axb5 16. Rb1 c4 17. Nd5 Qd8 18. f5 Be5 19. Be3 e6 20. fxe6 fxe6 21. Rxf8+ Qxf8
22. Qg4 exd5 23. Qxd7 d4 24. Bd2 Qe7 25. Qxe7 Nxe7 1/2-1/2

[Event "XXXIX C.to Italiano"]
[Site "Venezia ITA"]
[Date "1979.10.??"]
[Round "2"]
[White "Messa, Roberto"]
[Black "Sartori, Spartaco"]
[Result "1/2-1/2"]
[WhiteElo "2205"]
[BlackElo "2385"]
[PlyCount "169"]
[EventDate "1979.10.21"]

1. e4 e6 2. d4 d5 3. Nc3 Bb4 4. e5 c5 5. a3 Bxc3+ 6. bxc3 Ne7 7. Nf3 Bd7 8. a4
Qa5 9. Bd2 Nbc6 10. g3 Qc7 11. Bh3 cxd4 12. cxd4 Nf5 13. c3 Na5 14. O-O Rc8 15.
Re1 O-O 16. Qb1 Nc4 17. Bg5 Rfe8 18. Bxf5 exf5 19. Nh4 h6 20. Bc1 Nd6 21. Bf4
Qxc3 22. Rc1 Qxd4 23. exd6 g5 24. Nf3 Rxc1+ 25. Qxc1 Qe4 26. Bxg5 Qxf3 27. Bxh6
Qh5 28. Bf4 Bc6 29. Qd1 Qxd1+ 30. Rxd1 Bxa4 31. Ra1 Bc6 32. Rxa7 d4 33. Kf1 d3
34. Ra1 Bb5 35. Be3 Rd8 36. Bf4 Kf8 37. Ke1 Ke8 38. Kd2 Kd7 39. Ra7 Re8 40. h4
Kc6 41. h5 Re2+ 42. Kd1 Rxf2 43. h6 Bc4 44. Ra8 Bb3+ 45. Ke1 Re2+ 46. Kf1 d2
47. Bxd2 Rxd2 48. h7 Rh2 49. h8=Q Rxh8 50. Rxh8 Kxd6 51. Ke2 b5 52. Kd3 Ke5 53.
Re8+ Kf6 54. Ke3 Be6 55. Rb8 Bc4 56. Kd4 Ke6 57. Rb6+ Kd7 58. Rf6 Be6 59. Kc5
Ke7 60. Rh6 Bc4 61. Rb6 Kf8 62. Kd4 Ke7 63. Ke5 Kd7 64. Kxf5 Kc7 65. Rh6 b4 66.
Rh4 Be6+ 67. Ke5 b3 68. Rb4 Kc6 69. Kd4 Kd6 70. Rb6+ Kd7 71. Kc5 Ke7 72. Rb5
Kf6 73. Kd6 Kg7 74. Ke5 Kg6 75. Rb8 Kg7 76. Kd6 Bc4 77. Ke7 Be6 78. Rb4 Kg6 79.
Rb5 Bc4 80. Rb4 Be6 81. Kd6 Kg5 82. Ke5 Kg6 83. Kf4 Kf6 84. Rb7 Bd5 85. Rb6+
1/2-1/2

[Event "XXXIX C.to Italiano"]
[Site "Venezia ITA"]
[Date "1979.10.??"]
[Round "2"]
[White "Olivotto, Roberto"]
[Black "Laco, Giuseppe"]
[Result "0-1"]
[WhiteElo "2225"]
[BlackElo "2160"]
[PlyCount "64"]
[EventDate "1979.10.21"]

1. e4 c5 2. c3 g6 3. d4 b6 4. Nf3 Qc7 5. Bd3 Bg7 6. O-O d6 7. Re1 e5 8. Be3 Ne7
9. Qd2 h6 10. Nh4 g5 11. Nf5 Bxf5 12. exf5 Nd7 13. Na3 a6 14. Qe2 b5 15. f4
gxf4 16. Bxf4 Bf6 17. Bg3 h5 18. Nc2 h4 19. Bf2 d5 20. Ne3 O-O-O 21. dxc5 e4
22. Bc2 Qf4 23. a4 Ne5 24. axb5 Rdg8 25. Kh1 Nf3 26. gxf3 exf3 27. Nxd5 Nxd5
28. Qe4 Rg2 29. Qxf4 Nxf4 30. bxa6 Nh3 31. Rf1 Be5 32. Bg1 Rxg1+ 0-1

[Event "XXXIX C.to Italiano"]
[Site "Venezia ITA"]
[Date "1979.10.??"]
[Round "2"]
[White "Passerotti, Pierluigi"]
[Black "Rosino, Antonio"]
[Result "1-0"]
[WhiteElo "2340"]
[BlackElo "2290"]
[PlyCount "113"]
[EventDate "1979.10.21"]

1. e4 e5 2. Nf3 Nc6 3. Bb5 Nf6 4. d3 d6 5. c3 Be7 6. Nbd2 Bd7 7. Nf1 Nb8 8. Bc4
O-O 9. Ng3 c6 10. O-O d5 11. Bb3 Qc7 12. h3 h6 13. Qe2 dxe4 14. dxe4 Na6 15.
Nh4 Nc5 16. Bc2 Ne6 17. Ngf5 Rfe8 18. Nxe7+ Rxe7 19. Nf5 Ree8 20. g3 Nf8 21.
Qf3 Bxf5 22. Qxf5 Qd7 23. Qxd7 N8xd7 24. Be3 Nb6 25. Rad1 Nc4 26. Bc1 Red8 27.
Rfe1 Kf8 28. b3 Nb6 29. a4 Ke8 30. a5 Nbd7 31. f3 Ng8 32. Be3 Ne7 33. Bd3 Nf8
34. Bc4 Rxd1 35. Rxd1 f6 36. b4 Nc8 37. Bc5 b6 38. Bxf8 Kxf8 39. Rd8+ Ke7 40.
Rg8 g5 41. Ba6 Kd7 42. Bb7 Rb8 43. a6 c5 44. Rf8 cxb4 45. cxb4 Kc7 46. Rf7+ Kd6
47. Rxf6+ Ke7 48. Rxh6 Nd6 49. Rh7+ Kf6 50. Bd5 Nb5 51. Kf2 Rc8 52. Rh6+ Kg7
53. Rc6 Rf8 54. Kg2 Nd4 55. Rc7+ Kg6 56. Rxa7 Rxf3 57. Rb7 1-0

[Event "XXXIX C.to Italiano"]
[Site "Venezia ITA"]
[Date "1979.10.??"]
[Round "2"]
[White "Santolini, Luigi"]
[Black "Vallifuoco, Giacomo"]
[Result "0-1"]
[WhiteElo "2150"]
[BlackElo "2285"]
[PlyCount "90"]
[EventDate "1979.10.21"]

1. e4 c5 2. Nf3 d6 3. d4 cxd4 4. Qxd4 Bd7 5. c4 Nc6 6. Qd2 g6 7. b3 Bg7 8. Bb2
Nf6 9. Nc3 O-O 10. Be2 a6 11. O-O Qa5 12. Rfd1 b5 13. a3 b4 14. axb4 Qxb4 15.
Qc2 Rfb8 16. Nd5 Nxd5 17. exd5 Bxb2 18. Qxb2 Na5 19. Rdb1 Bf5 20. Re1 Nxb3 21.
Rad1 Nc5 22. Qd4 Bc2 23. Qh4 Bxd1 24. Rxd1 f6 25. Nd4 Qc3 26. Qh6 Rb2 27. h4
Rxe2 28. Nxe2 Qe5 29. Ng3 a5 30. Rd2 f5 31. h5 Qf6 32. Re2 a4 33. hxg6 hxg6 34.
Re3 Qg7 35. Qg5 a3 36. Rxe7 Qxe7 37. Qxe7 a2 38. Qxd6 a1=Q+ 39. Nf1 Ne4 40.
Qxg6+ Qg7 41. Qxf5 Re8 42. g3 Qf6 43. Qg4+ Kf8 44. Qe2 Nxg3 45. Qc2 Re2 0-1

[Event "XXXIX C.to Italiano"]
[Site "Venezia ITA"]
[Date "1979.10.??"]
[Round "2"]
[White "Taruffi, Daniele"]
[Black "Toth, Bela"]
[Result "1/2-1/2"]
[WhiteElo "2345"]
[BlackElo "2470"]
[PlyCount "21"]
[EventDate "1979.10.21"]

1. e4 e5 2. Nf3 Nc6 3. Bc4 Bc5 4. c3 Nf6 5. d4 exd4 6. cxd4 Bb4+ 7. Nc3 Nxe4 8.
O-O Bxc3 9. d5 Bf6 10. Re1 Ne7 11. Rxe4 1/2-1/2

[Event "XXXIX C.to Italiano"]
[Site "Venezia ITA"]
[Date "1979.10.??"]
[Round "2"]
[White "Trabattoni, Franco"]
[Black "Capece, Adolivio"]
[Result "1-0"]
[WhiteElo "2330"]
[BlackElo "2205"]
[PlyCount "103"]
[EventDate "1979.10.21"]

1. e4 d6 2. d4 Nf6 3. Nc3 c6 4. Bg5 Nbd7 5. Nf3 h6 6. Bf4 b5 7. a3 Nb6 8. d5
cxd5 9. Bxb5+ Bd7 10. Bxd7+ Qxd7 11. exd5 Qf5 12. Bg3 Nfxd5 13. O-O Nxc3 14.
bxc3 Qd5 15. Qe1 O-O-O 16. a4 e5 17. a5 Nc4 18. Qe2 Qc6 19. Rfb1 f6 20. Nh4 d5
21. Rb3 Bc5 22. h3 h5 23. Qd3 g5 24. Qf5+ Qd7 25. Rb5 Be7 26. Ng6 Rhe8 27.
Nxe7+ Rxe7 28. Rc5+ Kb7 29. Rb1+ Ka8 30. Qxf6 Qd6 31. Qxd6 Nxd6 32. Rxd5 Nf7
33. Rxd8+ Nxd8 34. h4 g4 35. Rb5 Nc6 36. Kf1 Rb7 37. Rd5 Re7 38. a6 Kb8 39. Ke2
Kc7 40. Rb5 Kd6 41. Ke3 Nd8 42. Ke4 Kc6 43. Rxe5 Rxe5+ 44. Bxe5 Kb6 45. c4 Kxa6
46. Kf5 Nf7 47. Ba1 Nd6+ 48. Kg6 Ne4 49. Kxh5 Nxf2 50. Kg6 g3 51. h5 Ng4 52. h6
1-0

[Event "XXXIX C.to Italiano"]
[Site "Venezia ITA"]
[Date "1979.10.??"]
[Round "3"]
[White "Capece, Adolivio"]
[Black "Olivotto, Roberto"]
[Result "1-0"]
[WhiteElo "2205"]
[BlackElo "2225"]
[PlyCount "45"]
[EventDate "1979.10.21"]

1. c4 e6 2. g3 Nf6 3. Bg2 d5 4. cxd5 exd5 5. Nf3 Be7 6. O-O O-O 7. d4 b6 8. Bf4
Bb7 9. Nc3 Ne4 10. Rc1 Na6 11. Ne5 Bg5 12. Bxg5 Nxg5 13. Qb3 c6 14. Rfd1 Qd6
15. f4 Ne6 16. e4 c5 17. Nb5 Qe7 18. exd5 Nxd4 19. Rxd4 cxd4 20. d6 Qd8 21.
Bxb7 Nc5 22. Qd5 Rb8 23. Bc6 1-0

[Event "XXXIX C.to Italiano"]
[Site "Venezia ITA"]
[Date "1979.10.??"]
[Round "3"]
[White "Coppini, Giorgio"]
[Black "Trabattoni, Franco"]
[Result "1/2-1/2"]
[WhiteElo "2285"]
[BlackElo "2330"]
[PlyCount "40"]
[EventDate "1979.10.21"]

1. d4 Nf6 2. Nf3 e6 3. e3 b6 4. Bd3 Bb7 5. Nbd2 d5 6. O-O Be7 7. b3 O-O 8. Bb2
Nbd7 9. Qe2 Ne4 10. c4 Bd6 11. a3 c5 12. Rfe1 Ndf6 13. Ne5 Nxd2 14. Qxd2 dxc4
15. bxc4 Qc7 16. Qc2 Rac8 17. Rac1 Qb8 18. f3 Rfd8 19. Red1 h6 20. Qf2 Qc7
1/2-1/2

[Event "XXXIX C.to Italiano"]
[Site "Venezia ITA"]
[Date "1979.10.??"]
[Round "3"]
[White "Laco, Giuseppe"]
[Black "Santolini, Luigi"]
[Result "1-0"]
[WhiteElo "2160"]
[BlackElo "2150"]
[PlyCount "99"]
[EventDate "1979.10.21"]

1. c4 e5 2. Nc3 Nf6 3. Nf3 d6 4. d4 Nbd7 5. d5 g6 6. e4 Bg7 7. Bd3 O-O 8. h3 a5
9. Be3 Nc5 10. g4 Qe8 11. Bc2 Bd7 12. Qe2 Rb8 13. a3 Na6 14. Nd2 Qe7 15. Nb3 b6
16. f3 c6 17. h4 cxd5 18. exd5 e4 19. Bg5 h6 20. Bf4 Rfe8 21. O-O-O Rbc8 22.
Rde1 b5 23. cxb5 Rxc3 24. bxc3 Nxd5 25. Qxe4 Qf6 26. Qxd5 Qxf4+ 27. Qd2 Qxd2+
28. Kxd2 Bxb5 29. Rxe8+ Bxe8 30. Nxa5 Nc7 31. Re1 Kf8 32. c4 Ne6 33. Nb7 Be5
34. Be4 Nd4 35. Kd3 f5 36. gxf5 gxf5 37. Bd5 Ba4 38. Rc1 Ke7 39. h5 Kf6 40. Rg1
Bc2+ 41. Ke3 f4+ 42. Kd2 Bf5 43. a4 Nb3+ 44. Kd1 Bd4 45. Rg8 Be3 46. Nxd6 Bd3
47. Be4 Bf1 48. Rg6+ Ke5 49. Rxh6 Nd4 50. Nf7# 1-0

[Event "XXXIX C.to Italiano"]
[Site "Venezia ITA"]
[Date "1979.10.??"]
[Round "3"]
[White "Sartori, Spartaco"]
[Black "Taruffi, Daniele"]
[Result "0-1"]
[WhiteElo "2385"]
[BlackElo "2345"]
[PlyCount "60"]
[EventDate "1979.10.21"]

1. c4 e6 2. Nc3 d5 3. d4 Nf6 4. Nf3 Nbd7 5. Bg5 c6 6. cxd5 exd5 7. e3 Be7 8.
Bd3 h6 9. Bh4 O-O 10. Qc2 Re8 11. O-O Ne4 12. Bxe7 Qxe7 13. Bxe4 dxe4 14. Nd2
Nf6 15. Rab1 Bg4 16. b4 Rad8 17. Rfc1 a6 18. a4 Nd5 19. Nxd5 Rxd5 20. Qc4 Rh5
21. g3 Qg5 22. Qf1 Rh3 23. Rc5 f5 24. Qc4+ Kh7 25. Nf1 Qh5 26. Rb2 Bf3 27. Rd2
b5 28. Qc1 bxa4 29. Qc4 Qg4 30. Rxc6 Rh5 0-1

[Event "XXXIX C.to Italiano"]
[Site "Venezia ITA"]
[Date "1979.10.??"]
[Round "3"]
[White "Tatai, Stefano"]
[Black "Messa, Roberto"]
[Result "1/2-1/2"]
[WhiteElo "2475"]
[BlackElo "2205"]
[PlyCount "32"]
[EventDate "1979.10.21"]

1. Nf3 d5 2. b3 c5 3. e3 Nf6 4. Bb2 e6 5. Bb5+ Bd7 6. Bxd7+ Nbxd7 7. c4 Bd6 8.
Nc3 O-O 9. O-O Rc8 10. cxd5 exd5 11. d4 c4 12. bxc4 Rxc4 13. Nb5 Bb8 14. a4 Ne4
15. Ne5 Nxe5 16. dxe5 Re8 1/2-1/2

[Event "XXXIX C.to Italiano"]
[Site "Venezia ITA"]
[Date "1979.10.??"]
[Round "3"]
[White "Toth, Bela"]
[Black "Bonfa', Ileano"]
[Result "1-0"]
[WhiteElo "2470"]
[BlackElo "2300"]
[PlyCount "51"]
[EventDate "1979.10.21"]

1. d4 Nf6 2. c4 g6 3. Nc3 d5 4. Nf3 Bg7 5. Bg5 Ne4 6. Bh4 Nxc3 7. bxc3 dxc4 8.
e3 Be6 9. Qb1 b6 10. Nd2 O-O 11. Be2 Bd5 12. O-O Qd7 13. Rd1 e6 14. e4 Bb7 15.
Bxc4 Nc6 16. Qd3 Na5 17. Bb5 Bc6 18. Ba6 Ba4 19. Re1 Rab8 20. e5 b5 21. Ne4 Qc6
22. Nf6+ Bxf6 23. Bxf6 Rfd8 24. Re3 Qe8 25. Rh3 Qf8 26. Re1 1-0

[Event "XXXIX C.to Italiano"]
[Site "Venezia ITA"]
[Date "1979.10.??"]
[Round "3"]
[White "Vallifuoco, Giacomo"]
[Black "Passerotti, Pierluigi"]
[Result "1/2-1/2"]
[WhiteElo "2285"]
[BlackElo "2340"]
[PlyCount "27"]
[EventDate "1979.10.21"]

1. c4 e5 2. Nc3 Nf6 3. g3 Bb4 4. Bg2 O-O 5. Nf3 Re8 6. O-O e4 7. Nd4 Bxc3 8.
dxc3 h6 9. Nc2 d6 10. Ne3 a5 11. a4 Nbd7 12. Qc2 b6 13. Rd1 Bb7 14. Nd5 1/2-1/2

[Event "XXXIX C.to Italiano"]
[Site "Venezia ITA"]
[Date "1979.10.??"]
[Round "4"]
[White "Bonfa', Ileano"]
[Black "Sartori, Spartaco"]
[Result "1/2-1/2"]
[WhiteElo "2300"]
[BlackElo "2385"]
[PlyCount "26"]
[EventDate "1979.10.21"]

1. Nf3 Nf6 2. g3 g6 3. Bg2 Bg7 4. c4 O-O 5. Nc3 c6 6. d4 d5 7. cxd5 cxd5 8. Ne5
Bf5 9. Qb3 Nc6 10. Nxc6 bxc6 11. O-O Qa5 12. Qa4 Qb6 13. b3 c5 1/2-1/2

[Event "XXXIX C.to Italiano"]
[Site "Venezia ITA"]
[Date "1979.10.??"]
[Round "4"]
[White "Olivotto, Roberto"]
[Black "Coppini, Giorgio"]
[Result "1-0"]
[WhiteElo "2225"]
[BlackElo "2285"]
[PlyCount "55"]
[EventDate "1979.10.21"]

1. e4 d6 2. d4 Nf6 3. Nc3 g6 4. Nf3 Bg7 5. h3 O-O 6. Be3 c6 7. a4 Qa5 8. Bd3
Nbd7 9. O-O e5 10. Ne2 exd4 11. Bxd4 Nc5 12. Ng3 Re8 13. Re1 Bd7 14. Bc3 Qc7
15. Ng5 h6 16. Nf3 Nxd3 17. Qxd3 Rad8 18. Qd2 c5 19. Bxf6 Bxf6 20. Qxh6 Bxb2
21. Ng5 Bc6 22. Ra2 Bc3 23. Ra3 Be5 24. Qh7+ Kf8 25. Rf3 Re7 26. Qxg6 Ke8 27.
Nxf7 Bxg3 28. Ne5+ 1-0

[Event "XXXIX C.to Italiano"]
[Site "Venezia ITA"]
[Date "1979.10.??"]
[Round "4"]
[White "Passerotti, Pierluigi"]
[Black "Laco, Giuseppe"]
[Result "1-0"]
[WhiteElo "2340"]
[BlackElo "2160"]
[PlyCount "80"]
[EventDate "1979.10.21"]

1. e4 c5 2. Nf3 e6 3. d4 cxd4 4. Nxd4 Nf6 5. Nc3 a6 6. g3 d5 7. e5 Nfd7 8. f4
Nc6 9. Nce2 Bc5 10. c3 Qc7 11. Bh3 Nf8 12. O-O h5 13. Be3 Bd7 14. Rc1 b5 15.
Qd2 Qa7 16. Bf2 f5 17. Bg2 Ne7 18. Rc2 Nfg6 19. Nc1 Bb6 20. Nd3 Nf8 21. Bf3 g6
22. b4 Rd8 23. Nb3 Bxf2+ 24. Qxf2 Qxf2+ 25. Kxf2 Kf7 26. Ndc5 Bc8 27. Nd4 Rd7
28. a4 bxa4 29. Ra2 Rc7 30. Rxa4 g5 31. Be2 Nfg6 32. Ke1 h4 33. Bxa6 hxg3 34.
hxg3 Rh3 35. Ne2 gxf4 36. gxf4 Nh4 37. Bb5 Ng2+ 38. Kd2 Ne3 39. Rfa1 Nc4+ 40.
Bxc4 dxc4 1-0

[Event "XXXIX C.to Italiano"]
[Site "Venezia ITA"]
[Date "1979.10.??"]
[Round "4"]
[White "Rosino, Antonio"]
[Black "Vallifuoco, Giacomo"]
[Result "1/2-1/2"]
[WhiteElo "2290"]
[BlackElo "2285"]
[PlyCount "94"]
[EventDate "1979.10.21"]

1. d4 Nf6 2. c4 g6 3. Nc3 d5 4. Nf3 Bg7 5. cxd5 Nxd5 6. e4 Nxc3 7. bxc3 c5 8.
Be2 O-O 9. O-O b6 10. Bg5 Bb7 11. Qd3 cxd4 12. cxd4 Qd7 13. Rad1 e6 14. d5 exd5
15. exd5 h6 16. Bh4 Re8 17. Rfe1 Na6 18. Qb5 Qxb5 19. Bxb5 Rxe1+ 20. Nxe1 g5
21. Bg3 f5 22. f4 Nc5 23. Nf3 Ne4 24. Bd7 Nc3 25. Rd2 Kf8 26. fxg5 Bxd5 27.
Bd6+ Kg8 28. Bxf5 Bxa2 29. Rxa2 Nxa2 30. Be6+ Kh7 31. Bxa2 hxg5 32. Nxg5+ Kg6
33. h4 Bf6 34. Nf3 b5 35. g4 a5 36. h5+ Kg7 37. g5 Bc3 38. h6+ Kg6 39. Bb1+ Kh5
40. Kg2 a4 41. h7 a3 42. Ne5 Kxg5 43. h8=Q Rxh8 44. Nf7+ Kh5 45. Nxh8 Bxh8 46.
Bxa3 Bc3 47. Bc2 Kg5 1/2-1/2

[Event "XXXIX C.to Italiano"]
[Site "Venezia ITA"]
[Date "1979.10.??"]
[Round "4"]
[White "Santolini, Luigi"]
[Black "Capece, Adolivio"]
[Result "1/2-1/2"]
[WhiteElo "2150"]
[BlackElo "2205"]
[PlyCount "33"]
[EventDate "1979.10.21"]

1. e4 c5 2. Nf3 Nc6 3. Bb5 Nf6 4. e5 Nd5 5. O-O Nc7 6. Bxc6 dxc6 7. h3 g6 8. d3
Bg7 9. c3 Bf5 10. d4 cxd4 11. cxd4 Bxb1 12. Rxb1 Nd5 13. Re1 e6 14. Qd3 Qb6 15.
b3 Nb4 16. Qe2 Qa6 17. Qxa6 1/2-1/2

[Event "XXXIX C.to Italiano"]
[Site "Venezia ITA"]
[Date "1979.10.??"]
[Round "4"]
[White "Taruffi, Daniele"]
[Black "Tatai, Stefano"]
[Result "0-1"]
[WhiteElo "2345"]
[BlackElo "2475"]
[PlyCount "142"]
[EventDate "1979.10.21"]

1. c4 f5 2. Nc3 Nf6 3. g3 g6 4. Bg2 Bg7 5. Nf3 O-O 6. O-O d6 7. d4 c6 8. Qc2
Nh5 9. d5 Na6 10. Rd1 Bd7 11. e3 cxd5 12. cxd5 Qc7 13. Nd4 Nf6 14. b3 Rfc8 15.
Bb2 Nc5 16. Rac1 Qd8 17. Qb1 a5 18. Nce2 Qb6 19. Ba1 Rc7 20. Nf4 Rac8 21. h4 a4
22. Rc2 axb3 23. axb3 Nce4 24. Rdc1 Rxc2 25. Rxc2 Rxc2 26. Qxc2 Qa5 27. Qc1 Qc5
28. Qxc5 Nxc5 29. b4 Nce4 30. Nde6 Bh6 31. Bf1 Nxd5 32. Nxd5 Bxe6 33. Nc7 Bf7
34. Bb5 Bg7 35. Bxg7 Kxg7 36. Bd7 Nf6 37. Bc8 Nd5 38. Na8 b5 39. Bd7 Nc3 40.
Nc7 Bc4 41. h5 Kh6 42. hxg6 hxg6 43. f4 Na2 44. Bxb5 Bxb5 45. Nxb5 Nxb4 46. Kf2
g5 47. fxg5+ Kxg5 48. Kf3 Nd3 49. Nc7 Nc5 50. Nb5 Nd3 51. Nc7 Ne5+ 52. Kf2 Kf6
53. Nb5 Nf7 54. Kf3 Ng5+ 55. Ke2 Ke5 56. Nd4 e6 57. Nc6+ Ke4 58. Ne7 d5 59. Ng8
Nh7 60. Ne7 Nf6 61. Nc8 Nh5 62. Kf2 Nxg3 63. Kxg3 Kxe3 64. Kg2 Ke2 65. Ne7 d4
66. Nc6 d3 67. Nd4+ Ke3 68. Nb5 d2 69. Nc3 Kd3 70. Nd1 Ke2 71. Nc3+ Ke1 0-1

[Event "XXXIX C.to Italiano"]
[Site "Venezia ITA"]
[Date "1979.10.??"]
[Round "4"]
[White "Trabattoni, Franco"]
[Black "Toth, Bela"]
[Result "0-1"]
[WhiteElo "2330"]
[BlackElo "2470"]
[PlyCount "82"]
[EventDate "1979.10.21"]

1. e4 e5 2. Nf3 Nc6 3. c3 d5 4. Qa4 Qd6 5. Bb5 Bd7 6. exd5 Qxd5 7. O-O Nf6 8.
d4 e4 9. Ng5 h6 10. Nh3 a6 11. Bc4 Nxd4 12. Bxd5 Ne2+ 13. Kh1 Bxa4 14. Bxb7 Ra7
15. Bxe4 Nxe4 16. Re1 Bb5 17. Be3 Rb7 18. Nf4 Nxf4 19. Bxf4 Bc6 20. f3 Kd7 21.
fxe4 Rxb2 22. Nd2 Kc8 23. Nf3 f6 24. Nd4 Bb7 25. a4 Bc5 26. Bc1 Rf2 27. Be3 Rb2
28. Bc1 Rb6 29. a5 Rd6 30. Bf4 Rd7 31. Ra4 Re8 32. e5 fxe5 33. Rxe5 Rxe5 34.
Bxe5 Re7 35. Bg3 Bd5 36. h3 Re3 37. c4 Bb7 38. Nf3 Bxf3 39. gxf3 Rxf3 40. Be5
Rxh3+ 41. Kg2 Rh5 0-1

[Event "XXXIX C.to Italiano"]
[Site "Venezia ITA"]
[Date "1979.10.??"]
[Round "5"]
[White "Capece, Adolivio"]
[Black "Passerotti, Pierluigi"]
[Result "0-1"]
[WhiteElo "2205"]
[BlackElo "2340"]
[PlyCount "90"]
[EventDate "1979.10.21"]

1. e4 e5 2. Nf3 Nc6 3. Bb5 a6 4. Ba4 Nf6 5. d4 Nxe4 6. Qe2 f5 7. d5 Nb8 8. Nxe5
Qe7 9. Nd3 Nc5 10. Nxc5 Qxe2+ 11. Kxe2 Bxc5 12. Re1 Kf7 13. Kf1 Be7 14. Bf4 d6
15. Nd2 Nd7 16. c4 Bf6 17. Bxd7 Bxd7 18. Nf3 h6 19. Rad1 Rhe8 20. b3 g5 21. Bc1
Rxe1+ 22. Rxe1 f4 23. Nd2 Bf5 24. Ne4 Re8 25. f3 Bd4 26. Bd2 Kg6 27. a4 b6 28.
a5 Rb8 29. axb6 Rxb6 30. Ba5 Rxb3 31. Bxc7 Rb4 32. Bxd6 Rxc4 33. Be7 a5 34. Rd1
Bd7 35. Nd6 Ra4 36. Ne4 Bb5+ 37. Ke1 Rc4 38. Rb1 Ba6 39. d6 Kf7 40. Kd1 Be3 41.
Bd8 a4 42. Bb6 a3 43. d7 a2 44. Ra1 Bxb6 45. Nd6+ Ke6 0-1

[Event "XXXIX C.to Italiano"]
[Site "Venezia ITA"]
[Date "1979.10.??"]
[Round "5"]
[White "Coppini, Giorgio"]
[Black "Santolini, Luigi"]
[Result "1/2-1/2"]
[WhiteElo "2285"]
[BlackElo "2150"]
[PlyCount "56"]
[EventDate "1979.10.21"]

1. Nf3 Nf6 2. b3 b6 3. g3 Bb7 4. Bg2 g6 5. O-O Bg7 6. Bb2 c5 7. e3 O-O 8. d4 d6
9. c4 e6 10. Nc3 Ne4 11. Qc2 Nxc3 12. Bxc3 Qe7 13. Qb2 Nd7 14. Rfd1 f5 15. a4
a5 16. Ra2 Rad8 17. dxc5 Nxc5 18. Bxg7 Qxg7 19. Nd4 Bxg2 20. Kxg2 Qb7+ 21. Kg1
e5 22. Nb5 Ne4 23. Rd5 Qc6 24. Qa3 Rf7 25. Qc1 Rfd7 26. Qd1 Nf6 27. Rd3 d5 28.
cxd5 Rxd5 1/2-1/2